Biblioteka Instytutu Północnego w Olsztynie

Widok standardowy Widok MARC

Pozycja Topical Term

Liczba rekordów, w których użyto hasła: 1

001 - Numer kontrolny

  • control field: 40169

003 - Identyfikator numeru kontrolnego

  • control field: NUKAT

005 - Data i czas ostatniej modyfikacji

  • control field: 20260416125631.0

008 - Dane kontrolne kodowane (40 znaków)

  • fixed length control field: 170822n||azznnbabn |a ana |

010 ## - Numer kontrolny Biblioteki Kongresu

  • numer kontrolny LC: p 2017107707

035 ## - Numer systemowy

  • numer systemowy: a36707016

035 ## - Numer systemowy

  • numer systemowy: (PL)a0000003670701

040 ## - Instytucja sporządzająca rekord

  • inst. przygot. dane do rek. khw: WA N
  • język haseł przedmiotowych/tezaurus: DBN
  • inst. wprow. rek. khw: WA N

045 2# - Okres czasu dla hasła

  • okr. czasu od 9999 pne do n.e.: d1937
  • okr. czasu od 9999 pne do n.e.: d1938

072 ## - Kod kategorii przedmiotu

  • kod kategorii przedmiotu: 13

150 ## - Hasło - nazwa pospolita

  • nazwa posp. lub nazwa geogr. na pocz.: Operacja polska NKWD (1937-1938)

450 ## - Trop zob. - nazwa pospolita

  • nazwa posp. lub nazwa geogr. na pocz.: Masowy mord na Polakach w ZSRR (1937-1938)

450 ## - Trop zob. - nazwa pospolita

  • nazwa posp. lub nazwa geogr. na pocz.: Operacja antypolska NKWD (1937-1938)

510 2# - Trop zob. też - nazwa ciała zbiorowego

  • nazwa ciała zbior. lub geogr. na pocz.: NKWD

550 ## - Trop zob. też - nazwa pospolita

  • podpole kontrolne: g
  • nazwa posp. lub nazwa geogr. na pocz.: Wielka czystka (1934-1939)

550 ## - Trop zob. też - nazwa pospolita

  • nazwa posp. lub nazwa geogr. na pocz.: Antypolonizm

550 ## - Trop zob. też - nazwa pospolita

  • nazwa posp. lub nazwa geogr. na pocz.: Ludobójstwo

550 ## - Trop zob. też - nazwa pospolita

  • nazwa posp. lub nazwa geogr. na pocz.: Mord w Winnicy (1937-1939)

550 ## - Trop zob. też - nazwa pospolita

  • nazwa posp. lub nazwa geogr. na pocz.: Polacy za granicą

550 ## - Trop zob. też - nazwa pospolita

  • nazwa posp. lub nazwa geogr. na pocz.: Pomnik Ofiar Operacji Antypolskiej NKWD 1937-1938 i Zagłady Nadberezyńców (Kołobrzeg)

551 ## - Trop zob. też - nazwa geograficzna

  • nazwa geograficzna: ZSRR
Biblioteka Instytutu Północnego, ul. Partyzantów 87, 10-402 Olsztyn, email: biblioteka(at)ip.olsztyn.pl